000 00298nam a22001337a 4500
020 _a978-93-83691-67-8
082 _a220.9 BRU
100 _aBruce, F .F.
245 _aThe Origin of The Bible
260 _aSecunderabad
_bGS Books
_c2015
300 _a331
650 _aBible-History
942 _cBK
999 _c20614
_d20614